| 000 | 00851cam a22002777a 4500 | ||
|---|---|---|---|
| 003 | CHAP | ||
| 005 | 20220329135508.0 | ||
| 008 | 971013s1987 r 00010 d | ||
| 010 | _a37551 | ||
| 011 | _a38523 | ||
| 035 | _a42643 | ||
| 040 | _cCHAP | ||
| 082 |
_a329.972 _bP37 |
||
| 110 |
_aPartido Revolucionario Institucional. México _985811 |
||
| 245 | 1 | 4 | _aLos retos y las perspectivas de la nación |
| 260 |
_aMéxico : _bP.R.I., _c1987 |
||
| 300 | _a255 p. | ||
| 590 |
_aBATCH-UPD _b10 _c20130110 _lUCH01 _h1600 |
||
| 590 |
_aBATCH-UPD _b10 _c20130410 _lUCH01 _h0957 |
||
| 590 |
_aBATCH-UPD _b10 _c20130914 _lUCH01 _h1901 |
||
| 590 |
_aCONVERSION _b10 _c20130109 _lUCH01 _h1321 |
||
| 650 | 1 | 4 |
_aPartidos políticos _xMéxico. _985818 |
| 901 | _aBK | ||
| 942 | _cLIBRO | ||
| 949 |
_a329.972 P37 _bBC _cLIBRO _d33724000303053 _eLIBRO _h72791 _i42643 _mD _si |
||
| 999 |
_c37551 _d37551 |
||